| 000 | 03159cam a22007334i 4500 | ||
|---|---|---|---|
| 003 | PE-LiUPU | ||
| 005 | 20250731170452.0 | ||
| 008 | 150706s2009 sp a rb 000 0 spa d | ||
| 020 | _a8436823109 | ||
| 020 | _a9788436823103 | ||
| 035 | _a(Sirsi) i9788436823103 | ||
| 040 |
_aPE-LiUPU _bspa _cPE-LiUPU _dPE-LiUPU _erda |
||
| 049 | _aPRUA | ||
| 082 | 0 | 4 |
_a155.407 _bM26 _220 |
| 082 | 0 | 4 |
_a155.7 _bM26 2011 |
| 100 | 1 |
_aMartín Bravo, Carlos, _eautor. |
|
| 245 | 1 | 0 |
_aPsicología del desarrollo para docentes / _cCarlos Martín Bravo, [y otros dieciséis]. |
| 264 | 1 |
_aMadrid : _bPirámide, _c2009. |
|
| 300 |
_a235 páginas : _bilustraciones ; _c24 centímetros. |
||
| 336 |
_atext _2rdacontent |
||
| 337 |
_aunmediated _2rdamedia |
||
| 338 |
_avolume _2rdacarrier |
||
| 490 | 0 | _aColección Psicología | |
| 504 | _aBibliografía: páginas 225-235. | ||
| 505 | 0 | _aLa naturaleza humana en la psicología del desarrollo -- Cerebro, desarrollo y aprendizaje -- Desarrollo cognitivo (0-2) -- Desarrollo de lenguaje -- Desarrollo cognitivo en educación infantil -- Desarrollo emocional y social -- Desarrollo moral y educación -- Desarrollo cognitivo en educación primaria -- Desarrollo de la memoria -- Adolescencia. | |
| 526 | _aSEG68 | ||
| 526 | _aSEG70 | ||
| 526 | _aSEG69 | ||
| 526 | _aSEG67 | ||
| 526 | _aSEG43 | ||
| 526 | _aP144 | ||
| 526 | _aP143 | ||
| 526 | _aP131 | ||
| 526 | _aP122 | ||
| 526 | _aP120 | ||
| 526 | _aP117 | ||
| 526 | _aP112 | ||
| 526 | _aP110 | ||
| 526 | _aP106 | ||
| 526 | _aP101 | ||
| 526 | _aP80 | ||
| 526 | _aP59 | ||
| 526 | _aP54 | ||
| 526 | _aP35 | ||
| 526 | _aP33 | ||
| 526 | _aP30 | ||
| 541 | _g001-001047; | ||
| 650 | 0 | 4 |
_aAdolescentes _xPsicología. |
| 650 | 0 | 4 |
_aNiños _xDesarrollo. |
| 910 |
_bjv _cng _d20100610 |
||
| 910 |
_adbm _bsag _csag _d20190422 |
||
| 942 |
_2ddc _cBOOK |
||
| 949 |
_aPGE 155.407 P _wDEWEY _c1 _i62377 _lCCODEBUL1 _mBUL _p53.00 _r0 _sY _tLIBRO _u2015-07-06 _xBIBLIOTECA _PP57 _o.STAFF. Colección Ciencias de la Salud |
||
| 949 |
_a155.7 M26 2011 _wDEWEY _c1 _iFJ01976 _lCCODEBUJ1 _mBUJ _p29.72 _r0 _sY _tBOOK _u2017-07-08 _xEDUCACIÓN _PP14 _o.STAFF -- Colección General Juliaca |
||
| 994 |
_aC0 _bPEPRU |
||
| 596 | _a1 3 | ||
| 999 |
_a155.407 M26 _wDEWEY _c52003 _i62377 _d52003 _e2017-5-29 _f2021-11-3 _g6 _lCCODEBUL1 _mBUL _n3 _p53.00 _q1 _r0 _sY _tBOOK _u2015-7-6 _xSALUD _zUNKNOWN _0COMPRA _o.STAFF. Colección Ciencias de la Salud |
||
| 999 |
_a155.407 M26 _wDEWEY _c2 _i61873 _f2021-11-3 _g3 _lCCODEBUL1 _mBUL _p29.00 _r0 _sY _tBOOK _u2019-4-22 _xSALUD _zP33 _0COMPRA _o.STAFF. Colección Ciencias de la Salud |
||
| 999 |
_a155.407 M26 _wDEWEY _c3 _i65264 _f2021-11-3 _g3 _lCCODEBUL1 _mBUL _p29.00 _r0 _sY _tBOOK _u2019-4-22 _xSALUD _zP33 _0COMPRA _o.STAFF. Colección Ciencias de la Salud |
||
| 999 |
_a155.7 M26 2011 _wDEWEY _c1 _iFJ01976 _d2019-11-26 _f2022-1-17 _g2 _lREPAIR _mBUJ _p29.72 _q3 _r0 _sY _tBOOK _u2019-4-22 _xSALUD _0COMPRA _o.STAFF. Colección General Juliaca |
||
| 980 |
_81 _gALBERTO SANCHEZ Responsable de Automatización |
||